Thor (2011): Characters by Picture - Statistics

General Stats
  • This quiz has been taken 59 times
    58 since last reset
  • The average score is 13 of 18
Answer Stats
Picture Answer % Correct
Thor
100%
Loki
98%
Odin
94%
Hawkeye
92%
Heimdall
92%
Stan Lee
88%
Jane Foster
82%
Agent Coulson
78%
Erik Selvig
71%
Darcy Lewis
65%
Frigga
63%
Lady Sif
63%
The Destroyer Automaton
59%
Laufey
55%
Agent Sitwell
47%
Fandral
41%
Volstagg
41%
Hogun
37%
No matching quizzes found
Score Distribution
Percent of People with Each Score
Percentile by Number Answered
Your Score History
You have not taken this quiz since the last reset